000 00660nam a22002417a 4500
003 0
005 20180810131857.0
008 0
010 _aB-220724
020 _c495.00
_a8186505806
035 _aB-220724, B-220728
037 _bCen Lib/Ret
040 _aDPL
_bEN
_c0
082 _a270
_bHAE
100 _aHaeri, Shaykh Fadhlalla
_983033
245 _aThe Thoughtful guide to islam /
_cby Shaykh Fadhlalla Haeri
260 _aNew Delhi
_c2006
_bBhavana books
270 _bNew Delhi
_aA-38, hauz khas
300 _a176p.
_c21cm(Hb)
500 _aIncludes glossary
650 _aIslam
_vguide
_983034
942 _2ddc
_cEN
_h270
_mHAE
999 _c125367
_d125367